000 01221cam a22003377a 4500
001 16780212
003 OSt
005 20260429103442.0
008 110516s2010 io a c 001 0 eng
010 _a 2010439711
020 _a9780500238745
035 _a16780212
040 _aDLC
_cFoundation University
042 _alcode
050 0 0 _aN 7265
_bC45 .2010
245 0 0 _aAsian contemporary and modern art.
246 1 4 _aAsian contemporary & modern art
260 _aJakarta, Indonesia :
_bBorobudur Auction,
_c[2010]
264 _42010
300 _a208 p. :
_bcol. ill. ;
_c30 cm.
_3books
_fbooks
336 _atext
_btxt
_2rdacontent
_3books
337 _aunmediated
_bn
_2rdamedia
_3books
338 _avolume
_bnc
_2rdacarrier
_3books
500 _aCatalog of painting and sculpture auction, held at Borobudur Building, Jakarta, Aug. 28-29, 2010.
500 _aIncludes index.
710 2 _aBorobudur Auction Pte. Ltd.
_915744
906 _a7
_bcbc
_corigode
_d4
_encip
_f20
_gy-gencatlg
942 _2lcc
_cBK
_h N 7265
_i.2010 C45
_k(DAFA-FA)
999 _c5830
_d5830